Wer erfand wen? Quiz Stats

 Plays Quiz not verified by Sporcle

Score 0/35 Timer 10:00
0 Plays Today
% Correct
Daniel Düsentrieb
100%
Gundel Gaukeley
97.3%
Die Panzerknacker
97.3%
Dagobert Duck
97.3%
Gustav Gans
97.3%
Mac Moneysac
91.9%
Klaas Klever
91.9%
Tick, Trick & Track
89.2%
Gitta Gans
86.5%
Der Schwarze Ritter
86.5%
Dussel
83.8%
Das Schwarze Phantom
83.8%
Tabea Trifftig
83.8%
Dietram Duck
81.1%
Kuno Knäul
81.1%
Phantomias
78.4%
Kommissar Hunter
78.4%
Atömchen
78.4%
% Correct
Oma Duck
75.7%
Prinzessin Oona
70.3%
Bolivar bzw. Bernie
70.3%
Donegal bzw. Sir Donald McDuck
70.3%
Trudi
67.6%
Steinbeiß
67.6%
Habakuk
67.6%
Supergoof
64.9%
Kralle
64.9%
Inspektor Issel
64.9%
Gamma
62.2%
Professor Zapotek
62.2%
Bubble Billy
62.2%
Zorngiebel
62.2%
Indiana Goof
56.8%
Maxi Smart, der Ältere
51.4%
Quacky
48.6%

You're not logged in!

Compare scores with friends on all Sporcle quizzes.
OR
Log In

You Might Also Like...

Show Comments

Extras

Created Jul 27, 2014ReportNominate
Tags:Clickable Quiz, hat

Top Quizzes Today


Score Distribution

Your Account Isn't Verified!

In order to create a playlist on Sporcle, you need to verify the email address you used during registration. Go to your Sporcle Settings to finish the process.

Report this User

Report this user for behavior that violates our Community Guidelines.

Details: